000 00658nam a22001937a 4500
005 20160803102403.0
010 _aENG-115620
020 _a97893514436737
_c650.00
035 _aEN-99152
037 _bDBAD/PUB
082 _a657.48
100 _aMakkar, Rajesh
245 _aFinancial management :
_cby Rajesh Makkar
_btheory and practice for CA-intermediate (IPC) and other professional courses /
250 _a15th ed
260 _aGurgaon
_bLexis Nexis
_c2014
270 _a14th Floor, Building No.10, Tower-B, DLF Cyber City, Phase-II
_bGurgaon
_e122002
300 _avarious pagings.
_c28cm(pbk)
942 _2ddc
_cEN
_mMAK
_h657.48
999 _c101738
_d101738